NBA Daily Trivia #5 - Statistics

General Stats
  • This quiz has been taken 92 times
  • The average score is 9 of 15
Answer Stats
Picture Answer % Correct
Rudy Gobert
92%
Jarrett Allen
86%
Clint Capela
81%
Daniel Gafford
81%
Jalen Duren
79%
Ivica Zubac
78%
Kevon Looney
73%
Dereck Lively II
71%
Jakob Poeltl
59%
Trayce Jackson Davis
58%
Jaxson Hayes
53%
Andre Drummond
51%
Isaiah Jackson
38%
Nick Richards
26%
James Wiseman
18%
No matching quizzes found
Score Distribution
Percent of People with Each Score
Percentile by Number Answered
Your Score History
You have not taken this quiz